000 01220cam a2200181 4500500
005 20251228095011.0
041 _afre
042 _adc
100 1 0 _aMotoret, Laurence
_eauthor
245 0 0 _aÉdouard Louis, En finir avec Eddy Bellegueule, Paris, Seuil, 2014, 220 pages. (Édouard Louis, O fim de Eddy Bellegueule, trad. António Guerreiro, Lisbonne, Fumo Editora, 2014)
260 _c2015.
500 _a75
520 _aLes nus traversent l’œuvre de Marcel Duchamp. En mouvement ou immobiles, fantomatiques ou lourdes machineries, que nous disent ces corps sans visages d’un artiste très cérébral ?
520 _aThere are nudes throughout Marcel Duchamp’s work. Whether they are moving or motionless, phantoms or heavy machines, what do those faceless bodies tell us about this very cerebral artist?
520 _aOs nus percorrem a obra de Marcel Duchamp. Imóveis ou em movimento, fantasmáticos ou assumindo os contornos de uma maquinaria pesada, o que revelam esses corpos sem rosto de um artista iminentemente cerebral?
786 0 _nSigila | 35 | 1 | 2015-03-01 | p. 171a-172a | 1286-1715
856 4 1 _uhttps://shs.cairn.info/revue-sigila-2015-1-page-171a?lang=fr&redirect-ssocas=7080
999 _c1605311
_d1605311